00166nam a2200073Ia 4500082001500000245001600015100002000031008004100051 aSWA F MATS 0aInkanankana aMatsebula J S M210817s9999 xx 000 0 und d